00439 2200169 4500001002100000008004100021035002000062245005300082100002100135260002400156300002000180020002200200084001400222082000800236650001000244990001500254INLIS000000000003258 ind  a0010-1225000079 aNovelis Sebagai Panggilan HidupcHaruki Murakami aMurakami, Haruki aJakarta :bGramedia a249c13,5x20 cm a978-623-134-298-0 a813 MUR n a813 aFiksi a19733/B/26